000 00356nam a2200133Ia 4500
008 231129s1994||||xx |||||||||||||| ||spa||
020 _a958-95504-5-2
040 _bspa
082 _aR 574.526404 S113
245 0 _aSabanas naturales de Colombia
260 _c1994
264 _aBanco de Occidente
942 _2ddc
_cBKS
999 _c24223
_d24223